Les stations du tramway de Clermont-ferrand sur une carte - Statistiques

Statistiques générales
  • Ce quiz a été pris 37 fois
  • Le résultat moyen est 15 sur 34
Statistiques - réponses
Réponse % Correct
Jaude
88%
Les Vergnes
79%
1er Mai
67%
Gaillard
67%
Maison de la Culture
67%
Les Pistes
63%
Stade Marcel Michelin
63%
Hôtel de Ville
54%
Lagarlaye
54%
La Pardieu Gare
54%
Croix de Neyrat
50%
Montferrand La Fontaine
46%
St Jacques Loucheur
46%
Champratel
42%
Musée d’art Roger Quillot
42%
Fontaine du Bac
38%
La Chaux
38%
Léon Blum
38%
Les Carmes
38%
Les Vignes
38%
Stade Gabriel Montpied
38%
CHU Gabriel Montpied
33%
Collège Albert Camus
33%
Gravière
33%
La Fayette
33%
St Jacques Dolet
33%
UCA Campus Centre
33%
Cézeaux Pellez
29%
Delile Montlosier
29%
La Plaine
29%
UCA Campus Cézeaux
29%
Haut de Chanturgue
25%
Margeride
25%
Lycée Ambroise Brugières
21%
Aucun quiz correspondant
Distribution des résultats
% des personnes avec chaque résultat
Percentile par nombre de réponses
Votre historique - résultats
Vous n’avez pas pris ce quiz